| 000 | 00000nam##2200000za#4500 |
| 001 | 9.589953 |
| 003 | CaOODSP |
| 005 | 20210624195908 |
| 007 | cr ||||||||||| |
| 008 | 150406|2004||||xxc|||||o f|0| 0 eng|d |
| 022 | |a1488-5379 |
| 040 | |aCaOODSP|beng |
| 041 | |aeng |
| 041 | |afre |
| 043 | |an-cn--- |
| 086 | 1 |aFs97-6/2562-PDF |
| 110 | 1 |aCanada. |bDepartment of Fisheries and Oceans. |
| 245 | 10|aProceedings of the 31st Annual Aquatic Toxicity Workshop / |h[electronic resource]|cEditors, L.E. Burridge, K. Haya and A.J. Niimi. |
| 260 | |aOttawa - Ontario : |bFisheries and Oceans Canada |c2004. |
| 300 | |a158p.|bfigs., references |
| 490 | 1 |aCanadian technical report of fisheries and aquatic sciences|x1488-5379|vNo. 2562 |
| 500 | |aCatalogue number and ISSN of the print edition appear in the PDF version. |
| 546 | |aPreliminary pages in English and French; Articles in their original language. |
| 590 | |a14-06-Supp|b2014-03-21 |
| 720 | 1 |aHaya, K. |
| 720 | 1 |aBurridge, L.E. |
| 720 | 1 |aNiimi, A.J. |
| 776 | 0#|tComptes rendus du 31ième atelier annuel sur la toxicité aquatique / |w(CaOODSP)9.541341 |
| 792 | |tComptes rendus du 31ième atelier annuel sur la toxicité aquatique / |efre|w(CaOODSP)9.589954 |
| 830 | #0|aCanadian technical report of fisheries and aquatic sciences,|x1488-5379|vNo. 2562|w(CaOODSP)9.500269 |
| 856 | 40|ahttp://publications.gc.ca|qPDF|s10.24 MB|uhttps://publications.gc.ca/collections/collection_2014/mpo-dfo/Fs97-6-2562.pdf|yNo. 2562 |